Diseño de un sistema digital para control de costos de mano de obra por actividades para una empresa constructora
保存先:
| 第一著者: | |
|---|---|
| その他の著者: | |
| フォーマット: | 図書 |
| 言語: | Spanish |
| 出版事項: |
[San José , Costa Rica]
2019
|
| 主題: | |
| タグ: |
タグ追加
タグなし, このレコードへの初めてのタグを付けませんか!
|
MARC
| LEADER | 00000nam a22000007a 4500 | ||
|---|---|---|---|
| 003 | 013032 | ||
| 005 | 20230526095000.0 | ||
| 008 | 190506b2019 c a|||| ||m| 00| ||spa d | ||
| 040 | |c cru CEDI | ||
| 100 | |9 568 |a Murillo Araya, Pablo, 1986- | ||
| 245 | |a Diseño de un sistema digital para control de costos de mano de obra por actividades para una empresa constructora | ||
| 260 | |a [San José , Costa Rica] |c 2019 | ||
| 300 | |a x, 79 hojas , ilustraciones | ||
| 500 | |a Proyecto de graduación (licenciatura en ingeniería civil)--Universidad de Costa Rica. Facultad de Ingeniería. Escuela de Ingeniería Civil. | ||
| 501 | |a Director de Proyecto de Graduación: Ing. Erick Mata Abdelnour, PhD. | ||
| 650 | |x CONSTRUCCION DE VIVIENDAS - COSTA RICA - EVALUACION |x VIVIENDA POPULAR - CONSTRUCCION - METODOS - EVALUACION |x CONSTRUCCION DE VIVIENDAS - METODOS |x VIVIENDA POPULAR - COSTA RICA | ||
| 700 | |9 227 |a Mata Abdelnour, Erick, 1973- |d Director del TFG | ||
| 942 | |c CEDI |h TFG 8182 |6 TFG_8182_000000000000000 | ||
| 999 | |c 21674 |d 21674 | ||
